[Event "Foment Martinenc op-B 15th"]
[Site "Barcelona"]
[Date "2013.06.15"]
[Round "9"]
[White "Sama Salinas, Hector"]
[Black "Aunes Cabanero, Jose"]
[Result "1-0"]
[WhiteElo "1998"]
[BlackElo "1565"]
[PlyCount "41"]
[EventDate "2013.04.20"]
[EventType "swiss"]
[EventRounds "9"]
[EventCountry "ESP"]
[SourceTitle "CBM 154 Extra"]
[Source "ChessBase"]
[SourceDate "2013.06.25"]
[SourceVersion "2"]
[SourceVersionDate "2013.06.25"]
[SourceQuality "1"]

1. e4 e5 2. Nf3 Nc6 3. Bc4 Bc5 4. c3 Nf6 5. d4 exd4 6. cxd4 Bb4+ 7. Nc3 Nxe4 8. 0-0 Bxc3 9. d5 Ne7 10. bxc3 0-0 11. Re1 Nd6 12. Bd3 h6 13. c4 b6 14. Ne5 Bb7 15. Qg4 f5 16. Qg3 Rf6 17. Bb2 Rf8 18. Nc6 g5 19. Nxd8 Raxd8 20. Qe5 Ng6 21. Qg7# 1-0

[Event "Llobregat op 1st"]
[Site "Llobregat"]
[Date "2007.12.27"]
[Round "2"]
[White "Sanchez Ibern, Marc"]
[Black "Aunes Cabanero, Jose"]
[Result "1-0"]
[WhiteElo "2116"]
[BlackElo "1744"]
[PlyCount "83"]
[EventDate "2007.12.26"]
[EventType "swiss"]
[EventRounds "9"]
[EventCountry "ESP"]
[SourceTitle "CBM 122 Extra"]
[Source "ChessBase"]
[SourceDate "2008.03.04"]
[SourceVersion "1"]
[SourceVersionDate "2008.03.04"]
[SourceQuality "1"]

1. e4 e5 2. Nc3 Nf6 3. g3 c6 4. d4 exd4 5. Qxd4 d6 6. Bg2 Be7 7. Nge2 Nbd7 8. Bf4 Qb6 9. 0-0-0 Qxd4 10. Nxd4 Ne5 11. h3 h6 12. Kb1 0-0 13. Bc1 a5 14. b3 b5 15. f4 c5 16. fxe5 cxd4 17. exf6 Bxf6 18. e5 dxe5 19. Bxa8 Ba6 20. Nd5 Rxa8 21. Nxf6+ gxf6 22. Bxh6 Rc8 23. g4 Kh7 24. Bd2 Bb7 25. Rhe1 b4 26. a3 bxa3 27. Bxa5 a2+ 28. Kb2 Ra8 29. Bb4 Kg6 30. c3 Bf3 31. Rd2 dxc3+ 32. Bxc3 Ra6 33. Ra1 e4 34. Rxa2 Re6 35. Ra1 e3 36. Rd7 e2 37. b4 Bc6 38. Rd8 Bg2 39. h4 Bf3 40. Rg1 e1Q 41. Rxe1 Bxg4 42. Rg8+ 1-0

[Event "Catalunya-ch"]
[Site "Barcelona"]
[Date "2007.04.05"]
[Round "5"]
[White "Molano Lafuente, Ismael"]
[Black "Aunes Cabanero, Jose"]
[Result "1-0"]
[WhiteElo "1932"]
[BlackElo "1830"]
[PlyCount "81"]
[EventDate "2007.04.01"]
[EventType "swiss"]
[EventRounds "9"]
[EventCountry "ESP"]
[SourceTitle "CBM 117 Extra"]
[Source "ChessBase"]
[SourceDate "2007.05.09"]
[SourceVersion "1"]
[SourceVersionDate "2007.05.09"]
[SourceQuality "1"]

1. f4 Nf6 2. Nf3 d5 3. b3 Nc6 4. Bb2 Bf5 5. e3 e6 6. d3 Bc5 7. d4 Bb6 8. c3 a5 9. a4 Nb8 10. Nbd2 0-0 11. h3 h6 12. g4 Be4 13. Rg1 c5 14. Ne5 cxd4 15. exd4 Nc6 16. Ndf3 Nxe5 17. Nxe5 Nd7 18. Nxd7 Qxd7 19. g5 Qd6 20. Qd2 e5 21. fxe5 Qg6 22. 0-0-0 Bd8 23. h4 hxg5 24. hxg5 b5 25. Bxb5 Be7 26. Qe3 Rfc8 27. Kd2 Ra7 28. Rdf1 Rac7 29. Be2 Bb4 30. Rf6 gxf6 31. gxf6 Qxg1 32. Qxg1+ Bg6 33. Bd3 Rxc3 34. Bxc3 Rxc3 35. Ke2 Rxd3 36. e6 Rd2+ 37. Kf3 Rd3+ 38. Kf4 Bd6+ 39. Kg5 Rg3+ 40. Qxg3 Bxg3 41. e7 1-0

[Event "Catalunya-ch Seniors"]
[Site "Andorra"]
[Date "2006.07.23"]
[Round "6"]
[White "Aunes Cabanero, Jose"]
[Black "Ylla Soro, Rafael"]
[Result "0-1"]
[WhiteElo "1861"]
[BlackElo "1748"]
[PlyCount "78"]
[EventDate "2006.07.18"]
[EventType "swiss"]
[EventRounds "9"]
[EventCountry "ESP"]
[SourceTitle "EXT 2019"]
[Source "ChessBase"]
[SourceDate "2018.10.10"]
[SourceVersion "1"]
[SourceVersionDate "2018.10.10"]
[SourceQuality "1"]

1. e4 c5 2. Nf3 e6 3. c3 Nf6 4. Be2 Nxe4 5. Qa4 Nf6 6. d4 cxd4 7. Nxd4 a6 8. Bf3 Be7 9. Nd2 0-0 10. 0-0 d5 11. Re1 Bd7 12. Qc2 Nc6 13. Ne2 Ne5 14. Nb3 Nxf3+ 15. gxf3 Bd6 16. Bg5 h6 17. Bh4 e5 18. Rad1 Bc6 19. Qf5 Kh8 20. Bxf6 gxf6 21. Ng3 Rg8 22. Qh5 Rg6 23. Kh1 Kh7 24. Qf5 Bd7 25. Qd3 Be6 26. c4 Qb6 27. cxd5 Bh3 28. Qe3 Qc7 29. Rc1 Qd7 30. Rg1 Rag8 31. Qe4 f5 32. Qd3 Kh8 33. Qb1 f4 34. Nd2 fxg3 35. fxg3 Bc5 36. Ne4 Bxg1 37. Rxg1 Qxd5 38. Rd1 Qc5 39. Qd3 Bf5 0-1